000 00304nam a2200133Ia 4500
005 20251222155152.0
008 251222s9999||||xx |||||||||||||| ||spa||
082 _aEDUM.119
100 _aNO TIENE
245 0 _aPolĂ­ticas de salud 2001-2006
250 _a1ra. ed.
264 _bConsorcio
942 _cLIB
999 _c39610
_d39610